000 00776nam a2200217Ii 4500
003 JO-AjNU
008 230605s9999||||xx |||||||||||||| ||und||
017 _a2007/6/1746
040 _aJO-AjNU
_bara
_erda
_cJO-AjNU
041 _aara
050 1 4 _aPJ6075.K426 2007
100 3 _aتاليف الخالدي،مثنى فؤاد,
_eauthor
_923756
245 0 0 _aلهجة ربيعة وآثرها في الدراسات اللغوية والقرآنية
250 _aط1
264 3 1 _aعمان: دار المأمون،2007
300 _a250ص
336 _atext
_btxt
_2rdacontent
337 _aunmediated
_bn
_2rdamedia
338 _avolume
_bnc
_2rdacarrier
650 4 _aاللهجات-اللغات-اللغة العربية-العشائر-القبائل العربية
_923757
999 _aA8645
_c12213
_d12213